|
|
|
|
| LEADER |
01351nam a2200265 i 4500 |
| 001 |
GR-MES114 |
| 003 |
GR-PaULI |
| 005 |
20241016102045.0 |
| 008 |
991111s1988 njua g 001 b eng d |
| 020 |
|
|
|a 0691085064
|
| 040 |
|
|
|a GrPaTEI
|b gre
|c GR-PaULI
|e AACR2
|
| 082 |
0 |
4 |
|2 23
|a 591.51
|
| 100 |
1 |
|
|a Mangel, Marc
|9 141299
|e συγγραφέας.
|
| 245 |
1 |
0 |
|a Dynamic modeling in behavioral ecology /
|c Marc Mangel, Colin W. Clark.
|
| 260 |
|
|
|a New Jersey :
|b Princeton University Press,
|c c1988.
|
| 300 |
|
|
|a xii, 308 σ. :
|b εικ. ;
|c 24 εκ.
|
| 490 |
0 |
|
|a Monographs in behavior and ecology
|
| 504 |
|
|
|a Περιλαμβάνει βιβλιογραφία και ευρετήριο.
|
| 650 |
|
4 |
|a Συμπεριφορά των ζώων
|x Μαθηματικά μοντέλα
|9 163206
|
| 700 |
1 |
|
|a Clark, Colin Whitcomb,
|d 1931-
|9 20595
|e συγγραφέας.
|
| 942 |
|
|
|2 ddc
|c BK
|
| 952 |
|
|
|0 0
|1 0
|2 ddc
|4 0
|6 591_510000000000000_MAN
|7 0
|9 263386
|a MSLG
|b MSLG
|c BSC
|d 2021-01-17
|e 24
|f 0
|g 0.00
|i 1222
|l 0
|o 591.51 MAN
|p 2420000001222
|r 2021-01-17 00:00:00
|t 1
|w 2021-01-17
|y BK15
|x 19991111 0 1
|x GrPaTEI
|
| 952 |
|
|
|0 0
|1 0
|2 ddc
|4 0
|6 591_510000000000000_MAN
|7 0
|9 263387
|a MSLG
|b MSLG
|c BSC
|d 2021-01-17
|e 24
|f 0
|g 0.00
|i 1223
|l 0
|o 591.51 MAN
|p 2420000001223
|r 2021-01-17 00:00:00
|t 2
|w 2021-01-17
|y BK15
|x 19991111 0 1
|x GrPaTEI
|
| 998 |
|
|
|c ΒΑΣΙΛΕΙΟΥ
|d 2024-10
|
| 999 |
|
|
|c 151603
|d 151603
|